Statistics for Word Search - Asian Cities

Click here to take the quiz!

General Stats

  • This quiz has been taken 173 times
  • The average score is 11 of 21

Answer Stats

City% Correct
Jakarta
99%
Tokyo
82%
Kuwait City
75%
Bangkok
72%
Baku
70%
Ankara
64%
Hanoi
63%
Manila
59%
Delhi
58%
Phnom Penh
58%
Beijing
56%
Chengdu
43%
Kabul
43%
Seoul
43%
Kolkata
42%
Dhaka
39%
Tehran
39%
Dubai
38%
Beirut
31%
Kyoto
28%
Yangon
27%

Score Distribution

Percentile by Number Answered

Percent of People with Each Score

Your Score History

You have not taken this quiz